banner koha

O teor de ferro em dedaleiro (Lafoensia pacari St. Hil.)como elemento indicador da poluicao urbana por particulados (Registro n. 152638)

MARC details
000 -LÍDER
campo de controle de tamanho fixo 00828nas a2200277 4500
001 - NÚMERO DE CONTROLE
campo de controle BR9603182
003 - IDENTIFICADOR DO NÚMERO DE CONTROLE
campo de controle BR-BrBNA
005 - DATA E HORÁRIO DA ÚLTIMA TRANSAÇÃO
campo de controle 20231205095755.0
007 - CAMPO FIXO DE DESCRIÇÃO FÍSICA--INFORMAÇÃO GERAL
campo de controle de tamanho fixo ta
008 - CAMPO DE DADOS FIXOS--INFORMAÇÃO GERAL
campo de controle de tamanho fixo 230509b bl.|||p| |||| 00| 00por d
040 ## - FONTE DA CATALOGAÇÃO
Instituição da catalogação original BR-BrBNA
Idioma da catalogação por
Instituição que transcreveu o registro Biblioteca Nacional de Agricultura
041 ## - CÓDIGO DE IDIOMA
Código do idioma do texto/trilha sonora ou título diferente (Pt)
072 ## - CÓDIGO DE CATEGORIA DE ASSUNTO
Código de Categoria de Assunto T01; F60
100 1# - ENTRADA PRINCIPAL--NOME PESSOAL
Nome pessoal Reissmann, C.B.
100 1# - ENTRADA PRINCIPAL--NOME PESSOAL
Nome pessoal Biondi, D.
245 1# - TÍTULO
Título O teor de ferro em dedaleiro (Lafoensia pacari St. Hil.)como elemento indicador da poluicao urbana por particulados
500 ## - NOTA GERAL
Nota geral Published 1995
650 ## - ASSUNTO--TERMO TÓPICO
Cabeçalho tópico ou nome geográfico Dedaleiro
650 ## - ASSUNTO--TERMO TÓPICO
Cabeçalho tópico ou nome geográfico Folha
650 ## - ASSUNTO--TERMO TÓPICO
Cabeçalho tópico ou nome geográfico Analise Foliar
650 ## - ASSUNTO--TERMO TÓPICO
Cabeçalho tópico ou nome geográfico Ferro
650 ## - ASSUNTO--TERMO TÓPICO
Cabeçalho tópico ou nome geográfico Poluicao
773 0# - ENTRADA ANALÍTICA
Título Floresta (Brazil)
ISSN - International Standard Serial Number ISSN 0015-3826
Partes relacionadas (Jul-Dec 1993), v. 23(1-2) p. 55-62
Número de controle do registro BR9603182
909 ## -
-- 202311
-- Lúcia
-- 55
-- Lúcia Elande
942 ## - ELEMENTOS DE ENTRADA ADICIONADOS (KOHA)
Fonte da classificação ou esquema de arquivamento na estante Classificação AGRIS
Ocultar no OPAC Não
Tipo de material Koha Analítica
Exemplares
Situação do descarte Fonte da classificação ou esquema de arquivamento na estante Situação física Não pode ser emprestado Biblioteca de origem Biblioteca atual Localização na estante Enumeração do periódico / cronologia Total de empréstimos Data de último acesso Número do exemplar Tipo de material Koha Fonte de aquisição
  Classificação AGRIS   Consulta local Biblioteca Nacional de Agricultura - Binagri Biblioteca Nacional de Agricultura - Binagri   (Jul-Dec 1993), v. 23(1-2) p. 55-62   29/11/2023 01 Periódicos Portaria Interministerial nº 164/94

BINAGRI

Telefone: (61)3218-2567/2388/3357/2097 - binagri@agro.gov.br

Ministério da Agricultura e Pecuária , Esplanada dos Ministérios, Bloco D, Anexo B, Brasília/DF, CEP: 70.043-900